[Event "FIDE Chesscom Grand Swiss 2019"]
[Site "Douglas-Isle of Man"]
[Date "2019.10.15"]
[Round "6.4"]
[White "Van Foreest, Jorden"]
[Black "Kamsky, Gata"]
[Result "1/2-1/2"]
[WhiteElo "2621"]
[BlackElo "2685"]
[Annotator "RC"]
[PlyCount "187"]
[EventDate "2019.10.10"]
[EventType "swiss"]
[EventCountry "GBR"]
[SourceTitle "playchess.com"]
[Source "ChessBase"]
[SourceQuality "1"]
[TimeControl "40/6000+30:20/3000+30:900+30"]

1. e4 {[%emt 0:00:00]} c5 {[%emt 0:00:00]} 2. Nf3 {[%emt 0:00:00]} Nc6 {[%emt 0:00:04]} 3. Bb5 {[%emt 0:00:00]} g6 {[%emt 0:00:08]} 4. Bxc6 {[%emt 0:00:14]} bxc6 {[%emt 0:00:07]} 5. O-O {[%emt 0:00:34]} Bg7 {[%emt 0:00:07]} 6. Re1 {[%emt 0:00:11]} Nh6 {[%emt 0:02:27]} 7. c3 {[%emt 0:00:34]} O-O {[%emt 0:01:36]} 8. d4 {[%emt 0:00:14]} cxd4 {[%emt 0:00:16]} 9. cxd4 {[%emt 0:00:08]} d5 {[%emt 0:03:21]} 10. e5 {[%emt 0:00:27]} f6 {[%emt 0:00:12]} 11. Qc2 {[%emt 0:00:08]} Qb6 {[%emt 0:18:06]} 12. Bxh6 {[%emt 0:01:22]} Bxh6 {[%emt 0:00:51]} 13. e6 {[%emt 0:00:04]} Rb8 {[%emt 0:03:48]} 14. b3 {[%emt 0:02:04]} Qc7 {[%emt 0:02:53]} 15. Nc3 {[%emt 0:03:05]} Qd6 {[%emt 0:00:08]} 16. Qe2 {[%emt 0:00:37]} c5 {[%emt 0:00:22]} 17. Rad1 {[%emt 0:04:26]} Bb7 {[%emt 0:03:29]} 18. Nb5 {[%emt 0:00:58]} Qb6 {[%emt 0:00:09]} 19. dxc5 {[%emt 0:00:02]} Qxc5 {[%emt 0:00:06]} 20. Nbd4 {[%emt 0:00:08]} Rbc8 {[%emt 0:09:07]} 21. h4 {[%emt 0:12:18]} Qa3 {[%emt 0:09:19]} 22. h5 {[%emt 0:15:59]} Ba6 {[%emt 0:01:42]} 23. Nb5 {[%emt 0:00:09]} Qc5 {[%emt 0:14:00]} 24. a4 {[%emt 0:03:42]} Kg7 {[%emt 0:08:53]} 25. Nfd4 {[%emt 0:07:10]} Bxb5 {[%emt 0:03:09]} 26. axb5 {[%emt 0:03:14]} Qd6 {[%emt 0:05:22]} 27. Qg4 {[%emt 0:09:34]} f5 {[%emt 0:00:08]} 28. Qe2 {[%emt 0:00:21]} Bg5 {[%emt 0:00:46]} 29. Rd3 {[%emt 0:03:28]} Bf6 {[%emt 0:02:25]} 30. hxg6 {[%emt 0:01:52]} hxg6 {[%emt 0:00:16]} 31. Nxf5+ {[%emt 0:10:26]} gxf5 {[%emt 0:00:05]} 32. Rg3+ {[%emt 0:00:58]} Qxg3 {[%emt 0:00:09]} 33. fxg3 {[%emt 0:00:03]} Rc3 {[%emt 0:00:24]} 34. Qd2 {[%emt 0:00:01]} d4 {[%emt 0:01:47]} 35. g4 {[%emt 0:02:33]} d3 {[%emt 0:01:22]} 36. gxf5 {[%emt 0:05:00]} Bd4+ {[%emt 0:00:08]} 37. Kh2 {[%emt 0:00:06]} Rxf5 {[%emt 0:00:05]} 38. Re4 {[%emt 0:01:37]} Rh5+ {[%emt 0:03:27]} 39. Kg3 {[%emt 0:00:09]} Bf6 {[%emt 0:00:03]} 40. Rg4+ {[%emt 0:05:29]} Kf8 {[%emt 0:08:46]} 41. b6 {[%emt 1:02:58]} axb6 {[%emt 0:51:03]} 42. Rg6 {[%emt 0:00:30]} Rcc5 {[%emt 0:00:00]} 43. Qxd3 {[%emt 0:00:00]} Rcd5 {[%emt 0:00:00]} 44. Qe4 {[%emt 0:00:00]} Rhe5 {[%emt 0:00:00]} 45. Qf4 {[%emt 0:00:00]} Rg5+ {[%emt 0:00:00]} 46. Rxg5 {[%emt 0:00:00]} Rxg5+ {[%emt 0:00:00]} 47. Kf3 {[%emt 0:00:00]} Kg7 {[%emt 0:00:00]} 48. Qb4 {[%emt 0:00:00]} b5 {[%emt 0:00:00]} 49. Qd2 {[%emt 0:00:00]} Rf5+ {[%emt 0:00:00]} 50. Kg4 {[%emt 0:00:00]} Re5 {[%emt 0:00:00]} 51. Qd7 {[%emt 0:00:00]} Kg6 {[%emt 0:00:00]} 52. Qe8+ {[%emt 0:00:00]} Kh6 {[%emt 0:00:00]} 53. Kf4 {[%emt 0:00:00]} Rg5 {[%emt 0:00:00]} 54. Ke4 {[%emt 0:00:00]} Re5+ {[%emt 0:00:00]} 55. Kd3 {[%emt 0:00:00]} Kg5 {[%emt 0:00:00]} 56. Qc6 {[%emt 0:00:00]} Kf5 {[%emt 0:00:00]} 57. Kd2 {[%emt 0:00:00]} Kg5 {[%emt 0:00:00]} 58. Qf3 {[%emt 0:00:00]} Kg6 {[%emt 0:00:00]} 59. Kc2 {[%emt 0:00:00]} Kg5 {[%emt 0:00:00]} 60. Qg3+ {[%emt 0:00:00]} Kf5 {[%emt 0:00:00]} 61. Qh3+ {[%emt 0:04:49]} Kg5 {[%emt 0:00:00]} 62. Qf3 {[%emt 0:00:36]} Kg6 {[%emt 0:00:00]} 63. Qg4+ {[%emt 0:00:16]} Kh6 {[%emt 0:00:00]} 64. Qg3 {[%emt 0:01:32]} Rh5 {[%emt 0:00:08]} 65. Qe3+ {[%emt 0:00:55]} Kg7 {[%emt 0:00:26]} 66. Qe1 {[%emt 0:01:56]} Rg5 {[%emt 0:01:10]} 67. Qf1 {[%emt 0:00:21]} Re5 {[%emt 0:11:07]} 68. Kb1 {[%emt 0:01:02]} Kf8 {[%emt 0:06:37]} 69. Ka2 {[%emt 0:07:15]} b4 {[%emt 0:00:18]} 70. Kb1 {[%emt 0:05:48]} Rxe6 {[%emt 0:00:36]} 71. Qf4 {[%emt 0:00:21]} Re1+ {[%emt 0:02:07]} 72. Kc2 {[%emt 0:00:16]} Re2+ {[%emt 0:00:03]} 73. Kd3 {[%emt 0:00:11]} Rxg2 {[%emt 0:00:06]} 74. Qxb4 {[%emt 0:00:06]} Rg3+ {[%emt 0:00:12]} 75. Ke2 {[%emt 0:00:03]} Be5 {[%emt 0:00:16]} 76. Qb7 {[%emt 0:00:37]} Rg6 {[%emt 0:06:17]} 77. Qe4 {[%emt 0:00:53]} Rg5 {[%emt 0:00:05]} 78. b4 {[%emt 0:01:43]} Bd6 {[%emt 0:00:18]} 79. Qc4 {[%emt 0:00:09]} Rg6 {[%emt 0:02:59]} 80. b5 {[%emt 0:00:24]} Bh2 {[%emt 0:00:36]} 81. Qc8+ {[%emt 0:02:28]} Kf7 {[%emt 0:00:33]} 82. Qf5+ {[%emt 0:01:10]} Kg7 {[%emt 0:00:05]} 83. Qe4 {[%emt 0:00:03]} Kf7 {[%emt 0:00:34]} 84. Qc4+ {[%emt 0:01:04]} Kf8 {[%emt 0:00:12]} 85. Qd3 {[%emt 0:02:04]} Re6+ {[%emt 0:00:43]} 86. Kf3 {[%emt 0:01:17]} Rf6+ {[%emt 0:00:05]} 87. Kg4 {[%emt 0:00:32]} Bc7 {[%emt 0:00:10]} 88. Qc4 {[%emt 0:01:06]} Rf4+ {[%emt 0:00:45]} 89. Qxf4+ {[%emt 0:00:04]} Bxf4 {[%emt 0:00:03]} 90. Kxf4 {[%emt 0:00:02]} Ke8 {[%emt 0:00:05]} 91. Ke5 {[%emt 0:00:02]} Kd7 {[%emt 0:00:04]} 92. b6 {[%emt 0:00:02]} Kc6 {[%emt 0:00:03]} 93. Ke6 {[%emt 0:00:02]} Kxb6 {[%emt 0:00:04]} 94. Kxe7 {[%emt 0:00:02]} 1/2-1/2

[Event "FIDE Chesscom Grand Swiss 2019"]
[Site "Douglas-Isle of Man"]
[Date "2019.10.15"]
[Round "6.5"]
[White "Karjakin, Sergey"]
[Black "Kryvoruchko, Yuriy"]
[Result "1/2-1/2"]
[WhiteElo "2760"]
[BlackElo "2669"]
[Annotator "TA"]
[PlyCount "96"]
[EventDate "2019.10.10"]
[EventType "swiss"]
[EventCountry "GBR"]
[SourceTitle "playchess.com"]
[Source "ChessBase"]
[SourceQuality "1"]

{[%evp 13,96,33,26,26,31,30,28,26,30,30,26,12,23,23,9,7,68,83,83,78,102,89,97,90,97,64,56,40,59,64,57,61,64,-43,-30,-48,-38,-54,-35,-40,-65,-81,-8,-8,-8,-8,-9,-9,-9,-19,-22,-28,-8,-30,0,0,0,0,0,-8,-8,-8,0,0,0,0,0,0,0,0,0,0,0,0,0,0,0,0,0,0,0,0,0,0,0]} 1. e4 e5 2. Nf3 Nc6 3. Bc4 Nf6 4. d3 Be7 5. O-O O-O 6. Re1 d6 7. a4 Na5 8. Ba2 {C55: Two Knights: 4 d3, 4 d4 exd4 5 e5 and Max Lange Attack} c5 9. c3 (9. Bd2 Nc6 10. h3 Be6 11. Na3 Bxa2 12. Rxa2 d5 13. exd5 Qxd5 14. Ra1 Rfe8 15. Nb5 Bd8 {0-1 (76) Mamedov,R (2667)-Yu,Y (2784) Hengshui 2019}) 9... Nc6 10. Na3 {White has an edge.} a6 11. Bd2 Be6 12. Bxe6 fxe6 13. b4 cxb4 14. cxb4 b5 $146 (14... d5 $11) ({Predecessor:} 14... Qd7 15. Nc4 Rae8 {1-0 (35) Kulaots,K (2555)-Berzinsh,R (2410) Liepaja 2018}) 15. axb5 $14 axb5 16. Nxb5 Rxa1 17. Qxa1 Qb6 18. Na3 Ng4 19. Re2 Nxb4 20. Qb1 d5 21. h3 Nxf2 22. Rxf2 Bc5 23. d4 (23. Be1 $1 $14) 23... Bxd4 $15 24. Be1 Bc5 {Threatens to win with ...Rf4.} 25. Kh1 $1 Bxf2 26. Bxf2 Qxf2 27. Qxb4 Qg3 ({Black should play} 27... Qe3 $17 28. Qd6 Rxf3 29. gxf3 Qxf3+ {[%mdl 64] Double Attack} 30. Kh2 Qf2+ 31. Kh1 Qf1+ 32. Kh2 Qf4+ 33. Kg1 Qg3+ 34. Kf1 Qf4+ 35. Kg1 Qg3+ 36. Kf1 Qxh3+ 37. Ke2 h5 38. Qxe5 dxe4) 28. exd5 $1 $11 Rxf3 {[%mdl 64] [#] Deflection} 29. gxf3 Qxh3+ 30. Kg1 Qg3+ 31. Kf1 {Hoping for Qb8+.} Qxf3+ {[%mdl 64] Double Attack} 32. Kg1 Qe3+ 33. Kg2 Qg5+ 34. Kf3 {The position is equal.} Qf5+ (34... exd5 $5 35. Qb8+ $8 Kf7 $11) 35. Kg2 Qg6+ 36. Kf3 Qd3+ 37. Kf2 Qf5+ 38. Kg2 Qg6+ 39. Kf2 Qf6+ 40. Ke2 {[#] Strongly threatening d6.} exd5 41. Qb8+ Qf8 42. Qxe5 Qxa3 43. Qxd5+ {[%mdl 4096] Endgame KQ-KQ} Kf8 {And now ...Qe7+ would win.} 44. Qf5+ Ke8 45. Qc8+ Ke7 46. Qc7+ Kf6 {...Qe7+ is the strong threat.} (46... Kf8 $5 {[%cal Ra3e7]} 47. Qd8+ Kf7 48. Qd5+ Kg6 49. Qe4+ Kh6 50. Qh4+ Kg6 51. Qg4+ Kf6 52. Qf4+ Ke6 53. Qe4+ Kd7 54. Qb7+ Kd8 55. Qb8+ Ke7 56. Qb7+ Kf8 57. Qc8+ Kf7 58. Qc4+ Kg6 59. Qg4+ Kh6 60. Qh4+ Kg6 61. Qg4+ $11) 47. Qf4+ Ke6 {White must now prevent ...Qb2+.} 48. Qg4+ Kf6 {Accuracy: White = 83%, Black = 49%.} 1/2-1/2

[Event "FIDE Chesscom Grand Swiss 2019"]
[Site "Douglas-Isle of Man"]
[Date "2019.10.15"]
[Round "6.5"]
[White "Ragger, Markus"]
[Black "Vocaturo, Daniele"]
[Result "1/2-1/2"]
[WhiteElo "2684"]
[BlackElo "2620"]
[Annotator "RC"]
[PlyCount "109"]
[EventDate "2019.10.10"]
[EventType "swiss"]
[EventCountry "GBR"]
[SourceTitle "playchess.com"]
[Source "ChessBase"]
[SourceQuality "1"]
[TimeControl "40/6000+30:20/3000+30:900+30"]

1. d4 {[%emt 0:00:00]} e6 {[%emt 0:00:06]} 2. c4 {[%emt 0:00:00]} d5 {[%emt 0:03:09]} 3. Nf3 {[%emt 0:00:03]} c6 {[%emt 0:01:21]} 4. e3 {[%emt 0:02:53]} Bd6 {[%emt 0:02:02]} 5. Bd3 {[%emt 0:00:25]} f5 {[%emt 0:01:14]} 6. b3 {[%emt 0:00:35]} Nf6 {[%emt 0:02:21]} 7. O-O {[%emt 0:00:17]} Qe7 {[%emt 0:00:53]} 8. Bb2 {[%emt 0:00:23]} O-O {[%emt 0:02:29]} 9. Nc3 {[%emt 0:00:12]} Ne4 {[%emt 0:04:15]} 10. Ne2 {[%emt 0:04:01]} Nd7 {[%emt 0:04:04]} 11. Rc1 {[%emt 0:05:02]} b6 {[%emt 0:04:02]} 12. cxd5 {[%emt 0:22:23]} cxd5 {[%emt 0:00:13]} 13. Ne5 {[%emt 0:00:05]} Bb7 {[%emt 0:02:57]} 14. Bb5 {[%emt 0:15:16]} Nxe5 {[%emt 0:05:54]} 15. dxe5 {[%emt 0:01:30]} Bc5 {[%emt 0:00:25]} 16. Bd4 {[%emt 0:13:15]} Rfc8 {[%emt 0:07:29]} 17. f3 {[%emt 0:04:00]} Ng5 {[%emt 0:00:19]} 18. Qd2 {[%emt 0:00:32]} a5 {[%emt 0:11:26]} 19. Rc2 {[%emt 0:04:26]} Bxd4 {[%emt 0:07:10]} 20. Rxc8+ {[%emt 0:07:29]} Rxc8 {[%emt 0:00:18]} 21. exd4 {[%emt 0:00:08]} Nf7 {[%emt 0:03:43]} 22. a3 {[%emt 0:03:18]} Nd8 {[%emt 0:12:06]} 23. b4 {[%emt 0:00:56]} axb4 {[%emt 0:01:23]} 24. Qxb4 {[%emt 0:01:57]} Qxb4 {[%emt 0:03:36]} 25. axb4 {[%emt 0:00:02]} Kf7 {[%emt 0:01:00]} 26. Kf2 {[%emt 0:01:42]} Ke7 {[%emt 0:05:17]} 27. Ke3 {[%emt 0:01:55]} Bc6 {[%emt 0:01:00]} 28. Rc1 {[%emt 0:04:26]} Bd7 {[%emt 0:02:32]} 29. Rxc8 {[%emt 0:06:30]} Bxc8 {[%emt 0:00:05]} 30. Nc3 {[%emt 0:00:22]} Bd7 {[%emt 0:01:30]} 31. Be2 {[%emt 0:03:34]} Be8 {[%emt 0:08:37]} 32. b5 {[%emt 0:01:09]} Kd7 {[%emt 0:00:05]} 33. h4 {[%emt 0:00:33]} h6 {[%emt 0:02:15]} 34. Bd3 {[%emt 0:01:24]} Nf7 {[%emt 0:03:13]} 35. Ne2 {[%emt 0:00:24]} Nh8 {[%emt 0:01:33]} 36. Kf2 {[%emt 0:01:41]} Ng6 {[%emt 0:01:55]} 37. Kg3 {[%emt 0:00:46]} Ne7 {[%emt 0:01:37]} 38. Kh3 {[%emt 0:00:44]} Nc8 {[%emt 0:01:42]} 39. g4 {[%emt 0:01:14]} g6 {[%emt 0:02:03]} 40. Kg3 {[%emt 0:02:44]} fxg4 {[%emt 0:01:31]} 41. Kxg4 {[%emt 0:23:17]} Ne7 {[%emt 0:00:42]} 42. Nc3 {[%emt 0:02:02]} Nf5 {[%emt 0:02:09]} 43. Bxf5 {[%emt 0:04:06]} gxf5+ {[%emt 0:00:13]} 44. Kf4 {[%emt 0:00:07]} Kc7 {[%emt 0:00:58]} 45. Ke3 {[%emt 0:00:30]} Kd8 {[%emt 0:01:23]} 46. Kd2 {[%emt 0:01:15]} Kc7 {[%emt 0:01:25]} 47. Kc2 {[%emt 0:01:49]} Bh5 {[%emt 0:01:32]} 48. f4 {[%emt 0:00:04]} Be8 {[%emt 0:01:06]} 49. Kb3 {[%emt 0:00:02]} Kb7 {[%emt 0:00:53]} 50. Kb4 {[%emt 0:00:02]} Kc7 {[%emt 0:00:11]} 51. Na4 {[%emt 0:00:16]} Bd7 {[%emt 0:00:21]} 52. Nb2 {[%emt 0:00:32]} Be8 {[%emt 0:01:01]} 53. Nd3 {[%emt 0:00:13]} Bd7 {[%emt 0:00:32]} 54. Nb2 {[%emt 0:00:36]} Be8 {[%emt 0:00:33]} 55. Nd3 {[%emt 0:00:18]} 1/2-1/2

[Event "FIDE Chesscom Grand Swiss 2019"]
[Site "Douglas-Isle of Man"]
[Date "2019.10.15"]
[Round "6.6"]
[White "Aronian, Levon"]
[Black "Dreev, Aleksey"]
[Result "1-0"]
[WhiteElo "2758"]
[BlackElo "2662"]
[Annotator "RC"]
[PlyCount "51"]
[EventDate "2019.10.10"]
[EventType "swiss"]
[EventCountry "GBR"]
[SourceTitle "playchess.com"]
[Source "ChessBase"]
[SourceQuality "1"]
[TimeControl "40/6000+30:20/3000+30:900+30"]

1. e4 {[%emt 0:00:43]} c5 {[%emt 0:00:00]} 2. Nf3 {[%emt 0:00:08]} e6 {[%emt 0:00:00]} 3. g3 {[%emt 0:00:51]} d5 {[%emt 0:02:18]} 4. exd5 {[%emt 0:00:21]} exd5 {[%emt 0:00:05]} 5. Bg2 {[%emt 0:01:01]} Qe7+ {[%emt 0:01:33]} 6. Kf1 {[%emt 0:03:44]} Nc6 {[%emt 0:01:23]} 7. d4 {[%emt 0:01:24]} Qd8 {[%emt 0:02:12]} 8. c4 {[%emt 0:08:05]} dxc4 {[%emt 0:11:25]} 9. d5 {[%emt 0:04:17]} Nb4 {[%emt 0:18:53]} 10. Nc3 {[%emt 0:00:31]} Nf6 {[%emt 0:03:59]} 11. Ne5 {[%emt 0:17:01]} Bd6 {[%emt 0:01:40]} 12. Nxc4 {[%emt 0:01:19]} Bf5 {[%emt 0:02:10]} 13. Ne3 {[%emt 0:09:16]} Bg6 {[%emt 0:06:33]} 14. a3 {[%emt 0:10:17]} Nd3 {[%emt 0:00:50]} 15. f4 {[%emt 0:00:04]} O-O {[%emt 0:12:18]} 16. f5 {[%emt 0:01:04]} c4 {[%emt 0:00:20]} 17. fxg6 {[%emt 0:01:32]} fxg6 {[%emt 0:01:43]} 18. Bf3 {[%emt 0:00:15]} Nd7 {[%emt 0:19:49]} 19. Kg2 {[%emt 0:09:30]} N7e5 {[%emt 0:00:37]} 20. Nxc4 {[%emt 0:00:21]} Rxf3 {[%emt 0:05:50]} 21. Nxe5 {[%emt 0:00:05]} Rf2+ {[%emt 0:05:01]} 22. Kg1 {[%emt 0:00:03]} Qb6 {[%emt 0:01:54]} 23. Be3 {[%emt 0:00:09]} Qxb2 {[%emt 0:10:21]} 24. Nxd3 {[%emt 0:00:06]} Rg2+ {[%emt 0:00:07]} 25. Kf1 {[%emt 0:00:04]} Rf8+ {[%emt 0:00:27]} 26. Bf4 {[%emt 0:00:04]} 1-0

[Event "FIDE Chesscom Grand Swiss 2019"]
[Site "Douglas-Isle of Man"]
[Date "2019.10.15"]
[Round "6.6"]
[White "Sethuraman, S.P."]
[Black "Rodshtein, Maxim"]
[Result "1-0"]
[WhiteElo "2624"]
[BlackElo "2684"]
[Annotator "RC"]
[PlyCount "99"]
[EventDate "2019.10.10"]
[EventType "swiss"]
[EventCountry "GBR"]
[SourceTitle "playchess.com"]
[Source "ChessBase"]
[SourceQuality "1"]
[TimeControl "40/6000+30:20/3000+30:900+30"]

1. e4 {[%emt 0:00:00]} c5 {[%emt 0:00:11]} 2. Nf3 {[%emt 0:00:10]} d6 {[%emt 0:00:08]} 3. d4 {[%emt 0:01:19]} cxd4 {[%emt 0:00:07]} 4. Nxd4 {[%emt 0:00:12]} Nf6 {[%emt 0:00:06]} 5. f3 {[%emt 0:02:45]} Nc6 {[%emt 0:01:26]} 6. Nc3 {[%emt 0:02:55]} e6 {[%emt 0:03:36]} 7. Be3 {[%emt 0:00:46]} Be7 {[%emt 0:01:23]} 8. Qd2 {[%emt 0:00:08]} a6 {[%emt 0:02:25]} 9. g4 {[%emt 0:08:42]} h6 {[%emt 0:22:16]} 10. O-O-O {[%emt 0:04:15]} Nxd4 {[%emt 0:01:05]} 11. Qxd4 {[%emt 0:07:14]} Qc7 {[%emt 0:03:47]} 12. h4 {[%emt 0:04:38]} b5 {[%emt 0:00:43]} 13. Be2 {[%emt 0:06:04]} e5 {[%emt 0:14:07]} 14. Qd2 {[%emt 0:02:18]} Be6 {[%emt 0:00:09]} 15. g5 {[%emt 0:08:13]} Nh5 {[%emt 0:00:48]} 16. Rdg1 {[%emt 0:08:22]} Rc8 {[%emt 0:01:06]} 17. Nd5 {[%emt 0:08:01]} Bxd5 {[%emt 0:00:36]} 18. exd5 {[%emt 0:00:05]} g6 {[%emt 0:02:52]} 19. gxh6 {[%emt 0:11:09]} O-O {[%emt 0:01:42]} 20. Bd3 {[%emt 0:03:22]} Kh7 {[%emt 0:02:57]} 21. Kb1 {[%emt 0:02:04]} f5 {[%emt 0:06:56]} 22. Qg2 {[%emt 0:06:04]} Rg8 {[%emt 0:15:09]} 23. Qh3 {[%emt 0:00:04]} Rcf8 {[%emt 0:04:25]} 24. Rxg6 {[%emt 0:04:05]} Kxg6 {[%emt 0:01:01]} 25. Qg4+ {[%emt 0:10:36]} Kh7 {[%emt 0:00:08]} 26. Bxf5+ {[%emt 0:00:05]} Kh8 {[%emt 0:00:04]} 27. Qxh5 {[%emt 0:00:05]} Bd8 {[%emt 0:02:20]} 28. Bg6 {[%emt 0:05:11]} Rf6 {[%emt 0:02:02]} 29. Be4 {[%emt 0:02:02]} Qf7 {[%emt 0:00:53]} 30. Qxf7 {[%emt 0:00:06]} Rxf7 {[%emt 0:00:03]} 31. a4 {[%emt 0:00:17]} bxa4 {[%emt 0:01:05]} 32. Ka2 {[%emt 0:00:38]} Rb7 {[%emt 0:02:00]} 33. Rh2 {[%emt 0:00:41]} a5 {[%emt 0:03:18]} 34. c3 {[%emt 0:00:35]} Rb3 {[%emt 0:04:02]} 35. Bc2 {[%emt 0:00:43]} Rb7 {[%emt 0:02:32]} 36. Ka3 {[%emt 0:00:34]} Rg3 {[%emt 0:05:14]} 37. Be4 {[%emt 0:00:18]} Bb6 {[%emt 0:00:25]} 38. Bg5 {[%emt 0:01:38]} Rg1 {[%emt 0:00:30]} 39. Bf6+ {[%emt 0:00:38]} Kg8 {[%emt 0:00:05]} 40. h7+ {[%emt 0:01:39]} Rxh7 {[%emt 0:00:17]} 41. Bxh7+ {[%emt 0:50:05]} Kxh7 {[%emt 0:51:50]} 42. Kxa4 {[%emt 0:00:00]} Rd1 {[%emt 0:00:00]} 43. c4 {[%emt 0:00:00]} Rd3 {[%emt 0:00:00]} 44. Kb5 {[%emt 0:00:00]} Rb3+ {[%emt 0:00:00]} 45. Kc6 {[%emt 0:00:00]} Bc5 {[%emt 0:00:00]} 46. Bd8 {[%emt 0:00:00]} a4 {[%emt 0:00:00]} 47. Bc7 {[%emt 0:00:00]} Bd4 {[%emt 0:00:00]} 48. Bxd6 {[%emt 0:00:00]} Bxb2 {[%emt 0:00:00]} 49. Rxb2 {[%emt 0:00:00]} Rxb2 {[%emt 0:00:00]} 50. Bc5 {[%emt 0:00:00]} 1-0

[Event "FIDE Chesscom Grand Swiss 2019"]
[Site "Douglas-Isle of Man"]
[Date "2019.10.15"]
[Round "6.7"]
[White "Vitiugov, Nikita"]
[Black "Bluebaum, Matthias"]
[Result "1-0"]
[WhiteElo "2732"]
[BlackElo "2643"]
[Annotator "TA"]
[PlyCount "49"]
[EventDate "2019.10.10"]
[EventType "swiss"]
[EventCountry "GBR"]
[SourceTitle "playchess.com"]
[Source "ChessBase"]
[SourceQuality "1"]

{[%evp 19,69,18,39,12,22,28,17,16,18,16,24,20,72,0,0,0,0,0,-91,-79,375,0,374,374,340,346,609,595,579,566,1613,677,647,626,762,333,309,320,321,315,321,310,435,408,428,420,516,508,698,639,725,681]} 1. c4 e6 2. Nc3 Nf6 3. e4 d5 4. e5 d4 5. exf6 dxc3 6. bxc3 Qxf6 7. d4 e5 8. Nf3 exd4 9. Bg5 Qe6+ 10. Be2 Be7 11. Nxd4 {A18: English Opening: Flohr-Mikenas System (1 c4 Nf6 2 Nc3 e6 3 e4)} (11. Bxe7 {with more complications.} d3 12. O-O Qxe7 13. Bxd3 O-O 14. Re1) 11... Qe4 12. Bxe7 Qxe7 13. O-O {The position is equal.} O-O 14. Re1 Qf6 15. Bf3 Qa6 $146 (15... Na6 $11) ({Predecessor:} 15... c6 16. Qe2 Nd7 17. Rab1 Nc5 18. Qe3 Bf5 19. Nxf5 Qxf5 {1-0 (42) Vachier Lagrave,M (2715)-Ris,R (2407) Reykjavik 2013}) 16. Bd5 $2 (16. Nb5 $16 {keeps the pressure on.} Qa5 17. Re7) 16... c6 $17 17. Bxf7+ Kxf7 18. Qh5+ $40 {[%mdl 192] Double Attack. White has some attack.} Kg8 {And now ...Qa3 would win.} 19. Re8 Qxc4 $2 {[%mdl 8192]} (19... Qa3 $1 $17 {stays on course. ...Nd7 is the strong threat.} 20. Rae1 Nd7) 20. Rxf8+ Kxf8 21. Re1 {[%csl Ge1][%cal Rh5e8]} Bd7 {White must now prevent ...Qd5.} 22. Qg5 {Qd8+ would kill now.} Qxc3 $2 (22... Na6) 23. Qd8+ $18 Kf7 {[%cal Rc3e1] [#]} 24. Nf3 $1 h6 {Black hopes to continue with ...Kg6.} 25. Re7+ {Played: Nf3-e5} 1-0

[Event "FIDE Chesscom Grand Swiss 2019"]
[Site "Douglas-Isle of Man"]
[Date "2019.10.15"]
[Round "6.7"]
[White "Narayanan.S.L"]
[Black "Berkes, Ferenc"]
[Result "1/2-1/2"]
[WhiteElo "2611"]
[BlackElo "2667"]
[Annotator "RC"]
[PlyCount "62"]
[EventDate "2019.10.10"]
[EventType "swiss"]
[EventCountry "GBR"]
[SourceTitle "playchess.com"]
[Source "ChessBase"]
[SourceQuality "1"]
[TimeControl "40/6000+30:20/3000+30:900+30"]

1. e4 {[%emt 0:00:00]} d6 {[%emt 0:00:00]} 2. d4 {[%emt 0:00:00]} Nf6 {[%emt 0:00:00]} 3. Nc3 {[%emt 0:00:00]} e5 {[%emt 0:00:02]} 4. Nf3 {[%emt 0:00:22]} Nbd7 {[%emt 0:00:07]} 5. Bc4 {[%emt 0:00:21]} Be7 {[%emt 0:00:08]} 6. O-O {[%emt 0:00:11]} O-O {[%emt 0:00:07]} 7. a4 {[%emt 0:02:22]} c6 {[%emt 0:00:10]} 8. h3 {[%emt 0:06:52]} Re8 {[%emt 0:00:50]} 9. Re1 {[%emt 0:04:10]} h6 {[%emt 0:00:24]} 10. Be3 {[%emt 0:04:12]} exd4 {[%emt 0:01:52]} 11. Bxd4 {[%emt 0:00:47]} Nf8 {[%emt 0:02:11]} 12. a5 {[%emt 0:02:32]} Be6 {[%emt 0:01:31]} 13. Qd3 {[%emt 0:08:34]} Qc7 {[%emt 0:06:02]} 14. Bb3 {[%emt 0:21:59]} N6d7 {[%emt 0:11:43]} 15. Ne2 {[%emt 0:02:58]} Bxb3 {[%emt 0:17:54]} 16. Qxb3 {[%emt 0:06:37]} Ne6 {[%emt 0:00:07]} 17. c3 {[%emt 0:06:21]} Ne5 {[%emt 0:03:04]} 18. Nxe5 {[%emt 0:06:04]} dxe5 {[%emt 0:00:14]} 19. Be3 {[%emt 0:00:05]} Bg5 {[%emt 0:00:18]} 20. Bxg5 {[%emt 0:00:13]} hxg5 {[%emt 0:00:13]} 21. Ng3 {[%emt 0:00:16]} Rad8 {[%emt 0:07:35]} 22. Red1 {[%emt 0:08:10]} g6 {[%emt 0:14:07]} 23. Nf1 {[%emt 0:03:58]} b5 {[%emt 0:02:35]} 24. axb6 {[%emt 0:00:06]} axb6 {[%emt 0:00:07]} 25. Ne3 {[%emt 0:00:17]} Kg7 {[%emt 0:02:02]} 26. Qa4 {[%emt 0:04:16]} b5 {[%emt 0:05:28]} 27. Qc2 {[%emt 0:00:04]} Rxd1+ {[%emt 0:00:46]} 28. Rxd1 {[%emt 0:00:06]} Rd8 {[%emt 0:00:08]} 29. Ng4 {[%emt 0:05:51]} Rxd1+ {[%emt 0:03:30]} 30. Qxd1 {[%emt 0:00:05]} f6 {[%emt 0:00:16]} 31. b4 {[%emt 0:00:23]} Nd8 {[%emt 0:02:34]} 1/2-1/2